Estado, políticas y universidades en un periodo de transición: análisis de tres experiencias institucionales en México

Gorde:
Xehetasun bibliografikoak
Egile nagusia: Acosta Silva, Adrián (Egilea)
Formatua: Liburua
Hizkuntza:gaztelania
Argitaratua: Guadalajara Universidad de Guadalajara 2000
Edizioa:1a. ed
Saila:Educación y Pedagogía
Gaiak:
Etiketak: Etiketa erantsi
Etiketarik gabe, Izan zaitez lehena erregistro honi etiketa jartzen!

MARC

LEADER 00000nam a2200000 a 4500
001 UCJ1213
003 CL-VaPUC
008 061006e20000000MX |||||||||||||||||spa|d
020 |a 9681662547 
082 0 4 |a 378.9  |b ACO  |2 21 
100 0 |a Acosta Silva, Adrián  |e author  |9 501734 
245 1 0 |a Estado, políticas y universidades en un periodo de transición: análisis de tres experiencias institucionales en México 
250 |a 1a. ed 
300 |a 357 p 
942 |c BK 
945 |d 20061006 00:00:00  |a cmena 
260 |a Guadalajara  |b Universidad de Guadalajara  |c 2000 
650 0 |a Educación superior   |9 223851 
650 0 |a Universidades  |9 256317 
650 0 |a Política gubernamental  |9 262286 
650 0 |a Reforma educacional   |9 256319 
651 0 |a México  |9 255269 
583 |a last modification  |c 20061006 00:00:00  |k Rodrigo Vera 
490 0 |a Educación y Pedagogía 
999 |c 317872  |d 317870 
952 |0 0  |1 0  |4 0  |6 378_900000000000000_ACO_2000  |7 0  |8 A  |9 394901  |a BIBEDU  |b BIBEDU  |d 2019-11-22  |i 4262360  |o 378.9 ACO 2000  |p 4262360  |r 2019-11-22  |w 2019-11-22  |y BK  |k PSI